Loga brytyjskich klubów piłkarskich - Statystyki

Ogólne statystyki
  • Ten quiz został rozwiązany 96 razy
  • Średni wynik to 11 z 20
Statystyki odpowiedzi
Obrazkowy Odpowiedź % Poprawnych
Arsenal
100%
Chelsea
99%
Celtic
87%
Manchester United
87%
Everton
80%
Crystal Palace
72%
Tottenham Hotspur
66%
Watford
66%
Rangers
65%
Southampton
61%
Sheffield United
51%
Ipswich Town
47%
Brentford
46%
Cardiff City
41%
Brighton & Hove Albion
35%
Charlton Athletic
30%
AFC Wimbledon
24%
Oxford United
22%
Port Vale
20%
Scunthorpe United
7%
Nie znaleziono quizów pasujących do podanych kryteriów
Rozkład punktacji
Procent ludzi z każdym wynikiem
Percentyl według liczby udzielonych odpowiedzi
Twoja historia wyników
Nie rozwiązałeś tego quizu